The muse of China : (Record no. 17850)
[ view plain ]
| 000 -CABECERA | |
|---|---|
| campo de control de longitud fija | 00911cam a2200229 a 4500 |
| 001 - NÚMERO DE CONTROL | |
| campo de control | 000018329 |
| 005 - FECHA Y HORA DE LA ÚLTIMA TRANSACCIÓN | |
| campo de control | 20200929165446.0 |
| 008 - DATOS DE LONGITUD FIJA--INFORMACIÓN GENERAL | |
| campo de control de longitud fija | 760831s1978 ch 000 0 eng d |
| 040 ## - FUENTE DE LA CATALOGACIÓN | |
| Centro catalogador/agencia de origen | DO-SdBNP |
| Lengua de catalogación | spa |
| Centro/agencia transcriptor | BNPHU |
| 041 17 - CÓDIGO DE LENGUA | |
| Código de lengua del texto/banda sonora o título independiente | eng |
| 082 ## - NÚMERO DE LA CLASIFICACIÓN DECIMAL DEWEY | |
| Número de clasificación | 951 |
| Número de documento/Ítem | M986c |
| 049 ## - FONDOS LOCALES (OCLC) | |
| Fondos de biblioteca | BNGR |
| 245 04 - MENCIÓN DE TÍTULO | |
| Título | The muse of China : |
| Resto del título | a collection of prose and short stories by contemporary chinese women writers. |
| 260 ## - PUBLICACIÓN, DISTRIBUCIÓN, ETC. | |
| Lugar de publicación, distribución, etc. | Taipei : |
| Nombre del editor, distribuidor, etc. | Chinese Women Writers' Association, |
| Fecha de publicación, distribución, etc. | 1978. |
| 300 ## - DESCRIPCIÓN FÍSICA | |
| Extensión | v. : ; |
| Dimensiones | 21 cm. |
| 500 ## - NOTA GENERAL | |
| Nota general | La biblioteca sólo posee el volumen 2. |
| 650 #4 - PUNTO DE ACCESO ADICIONAL DE MATERIA--TÉRMINO DE MATERIA | |
| Término de materia o nombre geográfico como elemento de entrada | Literatura en prosa china |
| Subdivisión cronológica | SIGLO XX |
| Subdivisión general | Traducciones al ingles |
| 9 (RLIN) | 39700 |
| 650 #4 - PUNTO DE ACCESO ADICIONAL DE MATERIA--TÉRMINO DE MATERIA | |
| Término de materia o nombre geográfico como elemento de entrada | Literatura en prosa china |
| Subdivisión geográfica | Taiwan |
| Subdivisión general | Traducciones al ingles |
| 9 (RLIN) | 39701 |
| 650 #4 - PUNTO DE ACCESO ADICIONAL DE MATERIA--TÉRMINO DE MATERIA | |
| Término de materia o nombre geográfico como elemento de entrada | Literatura china |
| Subdivisión general | Autoras chinas |
| -- | Traducciones al ingles |
| 9 (RLIN) | 39702 |
| 651 #4 - PUNTO DE ACCESO ADICIONAL DE MATERIA--NOMBRE GEOGRÁFICO | |
| Nombre geográfico | China |
| Subdivisión general | Vida Social Y Costumbres |
| Subdivisión de forma | FICCIÓN |
| 9 (RLIN) | 39703 |
| 651 #4 - PUNTO DE ACCESO ADICIONAL DE MATERIA--NOMBRE GEOGRÁFICO | |
| Nombre geográfico | Taiwan |
| Subdivisión general | Vida Social Y Costumbres |
| Subdivisión de forma | FICCIÓN |
| 9 (RLIN) | 39704 |
| Estado de retiro | Estado de pérdida | Restricciones de uso | No para préstamo | Código de colección | Localización permanente | Ubicación/localización actual | Ubicación en estantería | Fecha de adquisición | Número de inventario | Total de préstamos | Signatura topográfica completa | Código de barras | Fecha visto por última vez | Precio válido a partir de | Tipo de ítem Koha |
|---|---|---|---|---|---|---|---|---|---|---|---|---|---|---|---|
| Monografías: Libros y Folletos | General | General | En catalogación | 29.04.2010 | LF1 | 951 M986c | 18329-10 | 25.06.2020 | 25.06.2020 | Préstamo en sala |
